00571nam a2200217 a 4500001001300000003000900013005001700022008004100039020001000080082001300090100000700103245002700110260004000137300000800177500003500185700000700220902000800227942000700235952009400242999001700336nice12345678IN_TiNIC20260116014503.0070913s0000 chea grd 000 0 eng  ac10000a823bTIM a,  aTime Ofter Tdunami DVD aChennai bLilly Soosai Opset c0000 a00p aincludes index and biblioraphy1 a,  bSRS cND 00104070aHMIbHMId2007-09-13g100.00l0o823 TIMp022062r2007-09-13w2026-01-16yVM c15570d15570